Statistics for Things that are Black by Picture

Click here to take the quiz!

General Stats

  • This quiz has been taken 9,368 times
  • The average score is 12 of 18

Answer Stats

Answer% Correct
Black Widow
95%
Black Holes
93%
Jolly Roger
91%
Black Panther
84%
Clarinet
80%
Goth
75%
Black Pudding
70%
New Zealand
70%
Black Mamba
70%
Model T
69%
Black Pepper
68%
Ebony
67%
Magic 8 Ball
62%
Electrical Tape
56%
Johnny Cash
48%
Obsidian
37%
Kaaba
28%
Jet
15%

Score Distribution

Percentile by Number Answered

Percent of People with Each Score

Your Score History

You have not taken this quiz